00612nam a22002177a 450000500170000001000130001702000220003003500130005203700160006504000120008108200160009310000200010924500660012925000110019526000460020627000480025230000260030050000190032665000080034565000410035320170124105955.0 aA-777151 c16.00a0876920199 aA-777151 bCen Lib/Ret aDPLbEN a342.54bBAS aBasu, Durga Das aInroduction to the constitution of india /cby Durga das Basu a7th ed aNew Delhi bPrentice Hall of India c1978 bNew Delhi aM-97, connaught circus e110001 axxii, 408p.c22cm(Hb) aIncludes index aLaw aConstititionxHistorical background